00948 2200265 4500001002100000005001500021035002000036007000300056008003900059020002200098082001000120084001900130100002300149245006400172300003200236700003000268520021300298264004200511336002100553337002300574338003800597650001200635650002300647990001200670INLIS00000000116736020260330125150 a0010-0326000031ta260330 | | |  a978-602-48-3507-1 a398.2 aSR 398.2 ARL p0 aArleen A.epenulis1 aPutri dan pangeran /cArleen A. ; penyunting, Novalya Putri e1 berkas komputer (27,3 MB)0 aNovalya Putriepenyunting a10 cerita tentang raja, ratu, pangeran, putri, dan penduduk kerajaan di dalam ini akan mengajarkanmu berbagai ilmu kecerdasan emosi. Ada cerita tentang kepemimpinan, pemecahan masalah, berbagi, dan lain lain. aJakarta :bBhuana Ilmu Populer,c2019 2rdacontentateks 2rdamediaakomputer 2rdacarrierasumber sambung jaring 4aDongeng 4aBacaan kanak-kanak a2828383